[Event "DVM U20w 2022"]
[Site "Münster GER"]
[Date "2022.12.29"]
[Round "6"]
[White "Kessen, Fanny"]
[Black "Kuran, Olivia"]
[Result "1-0"]
[Termination "normal"]
[Board "4.3"]
[WhiteElo "1369"]
[BlackElo "1096"]
[WhiteClock "00:19:57"]
[BlackClock "00:13:38"]
[WhiteTeam "SC Borussia Lichtenberg"]
[BlackTeam "Karlsruher SF 1853 2"]
[PlyCount "85"]
[WhiteFideId "16217357"]
[BlackFideId "16279670"]
[EventCountry "GER"]
[EventRounds "7"]
[EventType "team-swiss"]
[EventDate "2022.12.26"]

1. e4 {[%clk 01:30:58]} {[%emt 00:00:01]} e5 {[%clk 01:30:59]} {[%emt
00:00:02]} 2. Nf3 {[%clk 01:31:24]} {[%emt 00:00:04]} Nc6 {[%clk 01:31:22]}
{[%emt 00:00:07]} 3. Bc4 {[%clk 01:31:50]} {[%emt 00:00:03]} Nf6 {[%clk
01:31:44]} {[%emt 00:00:08]} 4. d3 {[%clk 01:32:12]} {[%emt 00:00:09]} Bc5
{[%clk 01:32:07]} {[%emt 00:00:07]} 5. c3 {[%clk 01:32:37]} {[%emt 00:00:05]}
d6 {[%clk 01:32:26]} {[%emt 00:00:11]} 6. Bb3 {[%clk 01:32:38]} {[%emt
00:00:28]} Bb6 {[%clk 01:32:47]} {[%emt 00:00:10]} 7. O-O {[%clk 01:32:05]}
{[%emt 00:01:03]} h6 {[%clk 01:29:03]} {[%emt 00:04:14]} 8. Re1 {[%clk
01:31:52]} {[%emt 00:00:43]} Bg4 {[%clk 01:28:47]} {[%emt 00:00:46]} 9. h3
{[%emt 00:00:15]} Bh5 {[%clk 01:29:09]} {[%emt 00:00:05]} 10. Nbd2 {[%clk
01:31:46]} {[%emt 00:00:54]} O-O {[%clk 01:27:39]} {[%emt 00:02:00]} 11. Nf1
{[%clk 01:32:01]} {[%emt 00:00:14]} a6 {[%clk 01:21:40]} {[%emt 00:06:30]} 12.
Ng3 {[%clk 01:31:28]} {[%emt 00:01:03]} Bg6 {[%clk 01:18:20]} {[%emt 00:03:51]}
13. Be3 {[%clk 01:24:47]} {[%emt 00:07:11]} Nh5 {[%clk 01:12:11]} {[%emt
00:06:39]} 14. Nf5 {[%clk 01:09:07]} {[%emt 00:16:10]} Ne7 {[%clk 01:03:35]}
{[%emt 00:09:06]} 15. N3h4 {[%clk 01:04:46]} {[%emt 00:04:51]} Bxe3 {[%clk
00:54:40]} {[%emt 00:09:25]} 16. Nxe3 {[%clk 00:58:47]} {[%emt 00:06:29]} Bh7
{[%clk 00:52:46]} {[%emt 00:02:23]} 17. Qxh5 {[%clk 00:57:55]} {[%emt
00:01:22]} Qd7 {[%clk 00:42:11]} {[%emt 00:11:06]} 18. Nd5 {[%clk 00:50:46]}
{[%emt 00:07:39]} Nxd5 {[%emt 00:04:58]} 19. Bxd5 {[%emt 00:02:57]} c6 {[%clk
00:35:24]} {[%emt 00:00:09]} 20. Bb3 {[%emt 00:00:28]} Kh8 {[%clk 00:35:25]}
{[%emt 00:00:24]} 21. Re3 {[%clk 00:49:57]} {[%emt 00:01:39]} Rae8 {[%clk
00:31:57]} {[%emt 00:03:58]} 22. Rg3 {[%clk 00:48:41]} {[%emt 00:01:45]} d5
{[%clk 00:31:30]} {[%emt 00:00:58]} 23. Rd1 {[%clk 00:42:37]} {[%emt 00:06:34]}
Qd6 {[%clk 00:28:18]} {[%emt 00:03:42]} 24. Nf5 {[%clk 00:35:52]} {[%emt
00:07:14]} Qf6 {[%clk 00:25:33]} {[%emt 00:03:14]} 25. Qg4 {[%clk 00:29:57]}
{[%emt 00:06:25]} Bg6 {[%clk 00:22:43]} {[%emt 00:03:20]} 26. Re1 {[%clk
00:26:53]} {[%emt 00:03:34]} Bxf5 {[%clk 00:18:22]} {[%emt 00:04:51]} 27. Qxf5
{[%clk 00:25:59]} {[%emt 00:01:24]} Qxf5 {[%clk 00:18:31]} {[%emt 00:00:21]}
28. exf5 {[%clk 00:26:23]} {[%emt 00:00:07]} f6 {[%clk 00:18:43]} {[%emt
00:00:18]} 29. Rge3 {[%clk 00:26:03]} {[%emt 00:00:50]} Re7 {[%clk 00:16:06]}
{[%emt 00:03:08]} 30. f4 {[%clk 00:24:59]} {[%emt 00:01:34]} Rfe8 {[%clk
00:15:32]} {[%emt 00:01:03]} 31. fxe5 {[%clk 00:24:29]} {[%emt 00:01:00]} Rxe5
{[%clk 00:15:17]} {[%emt 00:00:45]} 32. Rxe5 {[%clk 00:24:51]} {[%emt
00:00:09]} fxe5 {[%clk 00:15:18]} {[%emt 00:00:29]} 33. Kf2 {[%clk 00:24:07]}
{[%emt 00:01:13]} Kh7 {[%clk 00:15:22]} {[%emt 00:00:26]} 34. c4 {[%clk
00:22:06]} {[%emt 00:02:32]} dxc4 {[%clk 00:13:57]} {[%emt 00:01:55]} 35. Bxc4
{[%clk 00:22:24]} {[%emt 00:00:12]} g5 {[%clk 00:13:47]} {[%emt 00:00:39]} 36.
g4 {[%clk 00:21:31]} {[%emt 00:01:23]} Kg7 {[%clk 00:13:54]} {[%emt 00:00:23]}
37. Kf3 {[%clk 00:20:54]} {[%emt 00:01:08]} Kf6 {[%clk 00:14:11]} {[%emt
00:00:13]} 38. d4 {[%clk 00:20:36]} {[%emt 00:00:48]} b5 {[%clk 00:13:10]}
{[%emt 00:01:31]} 39. dxe5 {[%clk 00:20:01]} {[%emt 00:01:05]} Rxe5 {[%clk
00:13:23]} {[%emt 00:00:16]} 40. Rxe5 {[%clk 00:20:27]} {[%emt 00:00:05]} Kxe5
{[%clk 00:13:49]} {[%emt 00:00:05]} 41. Be6 {[%clk 00:20:20]} {[%emt 00:00:36]}
Kf6 {[%clk 00:14:00]} {[%emt 00:00:19]} 42. Ke4 {[%clk 00:20:15]} {[%emt
00:00:35]} c5 {[%clk 00:13:38]} {[%emt 00:00:52]} 43. Kd5 {[%clk 00:19:57]}
{[%emt 00:00:48]} 1-0

[Event "DVM U20w 2022"]
[Site "Münster GER"]
[Date "2022.12.29"]
[Round "6"]
[White "Gietzelt, Magdalena"]
[Black "Ludwig, Lea"]
[Result "0-1"]
[Termination "normal"]
[Board "4.4"]
[WhiteElo "1165"]
[BlackElo "1315"]
[WhiteClock "00:21:43"]
[BlackClock "00:12:32"]
[WhiteTeam "Karlsruher SF 1853 2"]
[BlackTeam "SC Borussia Lichtenberg"]
[PlyCount "80"]
[WhiteFideId "16298403"]
[BlackFideId "16217381"]
[EventCountry "GER"]
[EventRounds "7"]
[EventType "team-swiss"]
[EventDate "2022.12.26"]

1. e4 {[%clk 01:30:59]} {[%emt 00:53:50]} c5 {[%clk 01:30:56]} {[%emt
00:00:06]} 2. Nf3 {[%clk 01:31:23]} {[%emt 00:00:06]} d6 {[%clk 01:31:10]}
{[%emt 00:00:16]} 3. g3 {[%clk 01:31:15]} {[%emt 00:00:39]} Nc6 {[%clk
01:30:47]} {[%emt 00:00:52]} 4. Bg2 {[%clk 01:31:32]} {[%emt 00:00:13]} Nf6
{[%clk 01:31:01]} {[%emt 00:00:16]} 5. Nc3 {[%clk 01:31:53]} {[%emt 00:00:09]}
g6 {[%clk 01:31:17]} {[%emt 00:00:13]} 6. O-O {[%clk 01:32:07]} {[%emt
00:00:17]} Bg7 {[%clk 01:31:28]} {[%emt 00:00:18]} 7. d4 {[%clk 01:29:06]}
{[%emt 00:03:31]} cxd4 {[%clk 01:31:14]} {[%emt 00:00:43]} 8. Nxd4 {[%clk
01:29:18]} {[%emt 00:00:18]} O-O {[%clk 01:30:04]} {[%emt 00:01:40]} 9. Be3
{[%clk 01:27:23]} {[%emt 00:02:24]} Bd7 {[%clk 01:27:35]} {[%emt 00:02:58]} 10.
Qd2 {[%clk 01:20:06]} {[%emt 00:07:48]} Rb8 {[%clk 01:25:11]} {[%emt 00:02:54]}
11. Bh6 {[%clk 01:17:59]} {[%emt 00:02:37]} Bxh6 {[%clk 01:23:49]} {[%emt
00:01:53]} 12. Qxh6 {[%clk 01:18:19]} {[%emt 00:00:09]} Nxd4 {[%clk 01:24:02]}
{[%emt 00:00:18]} 13. Qd2 {[%clk 01:15:32]} {[%emt 00:03:17]} Nc6 {[%clk
01:23:44]} {[%emt 00:00:48]} 14. Rfe1 {[%clk 01:10:16]} {[%emt 00:05:46]} a6
{[%clk 01:17:22]} {[%emt 00:06:52]} 15. Nd5 {[%clk 01:03:30]} {[%emt 00:07:16]}
Nxd5 {[%clk 01:15:53]} {[%emt 00:01:58]} 16. exd5 {[%clk 01:03:29]} {[%emt
00:00:32]} Ne5 {[%clk 01:15:37]} {[%emt 00:00:46]} 17. Re4 {[%clk 01:01:09]}
{[%emt 00:02:49]} Ng4 {[%clk 01:06:07]} {[%emt 00:10:00]} 18. Bf3 {[%clk
00:57:44]} {[%emt 00:03:56]} Nf6 {[%clk 01:03:02]} {[%emt 00:03:35]} 19. Rh4
{[%clk 00:56:39]} {[%emt 00:01:35]} Qc8 {[%clk 00:57:38]} {[%emt 00:05:54]} 20.
Re1 {[%clk 00:52:48]} {[%emt 00:04:21]} Re8 {[%clk 00:54:02]} {[%emt 00:04:06]}
21. Qh6 {[%clk 00:52:53]} {[%emt 00:00:25]} Qxc2 {[%clk 00:44:25]} {[%emt
00:10:08]} 22. Ree4 {[%clk 00:44:59]} {[%emt 00:08:24]} Qxb2 {[%clk 00:35:13]}
{[%emt 00:09:41]} 23. Ref4 {[%clk 00:44:56]} {[%emt 00:00:33]} Qe5 {[%clk
00:27:48]} {[%emt 00:07:56]} 24. Re4 {[%clk 00:36:57]} {[%emt 00:08:29]} Nxe4
{[%clk 00:24:28]} {[%emt 00:03:49]} 25. Qxh7 {[%clk 00:37:17]} {[%emt
00:00:11]} Kf8 {[%clk 00:24:36]} {[%emt 00:00:22]} 26. Bxe4 {[%clk 00:36:25]}
{[%emt 00:01:22]} Qg7 {[%clk 00:24:25]} {[%emt 00:00:41]} 27. Bxg6 {[%clk
00:35:28]} {[%emt 00:01:26]} fxg6 {[%emt 00:01:00]} 28. Rf4 {[%clk 00:35:23]}
{[%emt 00:00:32]} Bf5 {[%clk 00:23:43]} {[%emt 00:00:45]} 29. Qh4 {[%clk
00:34:52]} {[%emt 00:01:01]} Kg8 {[%clk 00:21:55]} {[%emt 00:02:18]} 30. Qg5
{[%clk 00:33:19]} {[%emt 00:02:02]} Rf8 {[%clk 00:21:08]} {[%emt 00:01:18]} 31.
Rc4 {[%clk 00:32:17]} {[%emt 00:01:31]} Kf7 {[%clk 00:18:28]} {[%emt 00:03:11]}
32. g4 {[%clk 00:30:15]} {[%emt 00:02:32]} Bc8 {[%clk 00:15:54]} {[%emt
00:03:04]} 33. Rc7 {[%clk 00:30:18]} {[%emt 00:00:27]} Qf6 {[%clk 00:15:55]}
{[%emt 00:00:29]} 34. Qh6 {[%clk 00:29:20]} {[%emt 00:01:22]} Rh8 {[%clk
00:16:09]} {[%emt 00:00:23]} 35. Qe3 {[%clk 00:28:39]} {[%emt 00:01:09]} Bxg4
{[%clk 00:14:20]} {[%emt 00:02:20]} 36. a4 {[%clk 00:24:48]} {[%emt 00:04:21]}
Qa1 {[%clk 00:11:54]} {[%emt 00:02:56]} 37. Kg2 {[%clk 00:24:27]} {[%emt
00:00:51]} Bh3 {[%clk 00:11:45]} {[%emt 00:00:39]} 38. Kf3 {[%clk 00:21:47]}
{[%emt 00:03:10]} Qd1 {[%clk 00:12:07]} {[%emt 00:00:08]} 39. Ke4 {[%clk
00:21:56]} {[%emt 00:00:21]} Bf5 {[%clk 00:12:21]} {[%emt 00:00:16]} 40. Kf4
{[%clk 00:21:43]} {[%emt 00:00:43]} Qg4# {[%clk 00:12:32]} {[%emt 00:00:11]}
0-1

[Event "DVM U20w 2022"]
[Site "Münster GER"]
[Date "2022.12.29"]
[Round "6"]
[White "Kalina, Lena"]
[Black "Tabakh, Najat"]
[Result "1-0"]
[Termination "normal"]
[Board "5.1"]
[WhiteElo "1842"]
[BlackElo "1330"]
[WhiteClock "00:01:49"]
[BlackClock "00:13:59"]
[WhiteTeam "SC Landskrone"]
[BlackTeam "SV Bad Oldesloe"]
[PlyCount "101"]
[WhiteFideId "12988014"]
[BlackFideId "16209109"]
[EventCountry "GER"]
[EventRounds "7"]
[EventType "team-swiss"]
[EventDate "2022.12.26"]

1. d4 {[%clk 01:30:59]} {[%emt 00:53:54]} e5 {[%clk 01:29:48]} {[%emt
00:01:13]} 2. dxe5 {[%clk 01:30:24]} {[%emt 00:01:06]} Nc6 {[%clk 01:29:56]}
{[%emt 00:00:22]} 3. Nf3 {[%clk 01:30:14]} {[%emt 00:00:40]} Qe7 {[%clk
01:30:11]} {[%emt 00:00:15]} 4. Nc3 {[%clk 01:26:26]} {[%emt 00:04:18]} Nxe5
{[%clk 01:30:10]} {[%emt 00:00:30]} 5. e4 {[%clk 01:23:07]} {[%emt 00:03:49]}
c6 {[%clk 01:27:21]} {[%emt 00:03:18]} 6. Be3 {[%clk 01:19:38]} {[%emt
00:04:01]} Nf6 {[%clk 01:24:06]} {[%emt 00:03:44]} 7. Be2 {[%clk 01:15:25]}
{[%emt 00:04:43]} Neg4 {[%emt 00:05:12]} 8. Qd3 {[%clk 01:10:34]} {[%emt
00:03:24]} Nxe3 {[%clk 01:20:50]} {[%emt 00:01:02]} 9. Qxe3 {[%clk 01:10:50]}
{[%emt 00:00:15]} Qb4 {[%clk 01:20:39]} {[%emt 00:00:39]} 10. O-O {[%clk
01:06:55]} {[%emt 00:04:26]} Bc5 {[%clk 01:18:47]} {[%emt 00:02:22]} 11. Qg5
{[%clk 01:05:44]} {[%emt 00:01:41]} O-O {[%emt 00:04:23]} 12. a3 {[%clk
01:04:38]} {[%emt 00:01:32]} Bxf2 {[%clk 01:08:01]} {[%emt 00:07:28]} 13. Kxf2
{[%clk 01:03:41]} {[%emt 00:01:27]} Qxb2 {[%clk 01:07:44]} {[%emt 00:00:45]}
14. Qd2 {[%clk 01:01:50]} {[%emt 00:02:23]} Qxc3 {[%clk 01:07:26]} {[%emt
00:00:48]} 15. Bd3 {[%clk 00:58:52]} {[%emt 00:03:28]} Qxd2 {[%clk 01:05:01]}
{[%emt 00:02:55]} 16. Nxd2 {[%clk 00:59:14]} {[%emt 00:00:08]} d5 {[%clk
01:05:11]} {[%emt 00:00:19]} 17. exd5 {[%clk 00:57:54]} {[%emt 00:01:51]} Nxd5
{[%clk 01:05:26]} {[%emt 00:00:16]} 18. Rfe1 {[%clk 00:55:28]} {[%emt
00:02:56]} Bd7 {[%clk 01:02:59]} {[%emt 00:02:56]} 19. g3 {[%clk 00:50:52]}
{[%emt 00:05:07]} Rfe8 {[%clk 01:02:42]} {[%emt 00:00:47]} 20. c4 {[%clk
00:48:59]} {[%emt 00:02:23]} Nf6 {[%clk 01:02:21]} {[%emt 00:00:51]} 21. Nb3
{[%clk 00:46:55]} {[%emt 00:02:34]} b6 {[%clk 01:01:25]} {[%emt 00:01:25]} 22.
Rad1 {[%clk 00:44:08]} {[%emt 00:03:18]} Rxe1 {[%clk 01:00:56]} {[%emt
00:00:59]} 23. Rxe1 {[%clk 00:43:11]} {[%emt 00:01:26]} c5 {[%clk 01:00:50]}
{[%emt 00:00:36]} 24. Nd2 {[%clk 00:42:10]} {[%emt 00:01:32]} Bc6 {[%clk
01:00:34]} {[%emt 00:00:44]} 25. Bf5 {[%clk 00:38:24]} {[%emt 00:04:17]} Rd8
{[%clk 00:59:44]} {[%emt 00:01:20]} 26. Nf3 {[%clk 00:36:58]} {[%emt 00:01:57]}
g6 {[%clk 00:58:27]} {[%emt 00:01:46]} 27. Ne5 {[%clk 00:32:50]} {[%emt
00:04:39]} Bb7 {[%clk 00:53:52]} {[%emt 00:05:04]} 28. Bb1 {[%clk 00:31:04]}
{[%emt 00:02:17]} Re8 {[%clk 00:48:26]} {[%emt 00:05:54]} 29. h3 {[%clk
00:28:06]} {[%emt 00:03:29]} Nh5 {[%clk 00:39:29]} {[%emt 00:09:25]} 30. g4
{[%clk 00:25:51]} {[%emt 00:02:47]} Ng7 {[%clk 00:37:07]} {[%emt 00:02:51]} 31.
g5 {[%clk 00:23:03]} {[%emt 00:03:18]} Ne6 {[%clk 00:34:25]} {[%emt 00:03:12]}
32. Ng4 {[%clk 00:20:13]} {[%emt 00:03:22]} Kg7 {[%clk 00:34:07]} {[%emt
00:00:48]} 33. Kg3 {[%clk 00:17:17]} {[%emt 00:03:27]} Rd8 {[%clk 00:32:14]}
{[%emt 00:02:23]} 34. h4 {[%clk 00:13:48]} {[%emt 00:03:58]} Rd4 {[%clk
00:31:50]} {[%emt 00:00:54]} 35. Ne5 {[%clk 00:12:26]} {[%emt 00:01:52]} Rd2
{[%clk 00:26:15]} {[%emt 00:06:04]} 36. Rf1 {[%clk 00:10:33]} {[%emt 00:02:24]}
Rg2 {[%clk 00:23:03]} {[%emt 00:03:41]} 37. Kh3 {[%clk 00:10:48]} {[%emt
00:00:16]} Re2 {[%clk 00:22:23]} {[%emt 00:01:08]} 38. Rxf7 {[%clk 00:09:12]}
{[%emt 00:02:09]} Kg8 {[%clk 00:21:24]} {[%emt 00:01:28]} 39. Rxb7 {[%clk
00:09:12]} {[%emt 00:00:30]} Rxe5 {[%clk 00:21:21]} {[%emt 00:00:33]} 40. Rxa7
{[%clk 00:08:34]} {[%emt 00:01:09]} Re3 {[%clk 00:21:20]} {[%emt 00:00:30]} 41.
Kg2 {[%clk 00:07:14]} {[%emt 00:01:51]} Nf4 {[%clk 00:17:21]} {[%emt 00:04:24]}
42. Kf2 {[%clk 00:06:49]} {[%emt 00:00:59]} Re6 {[%clk 00:16:52]} {[%emt
00:00:59]} 43. Kf3 {[%clk 00:03:55]} {[%emt 00:03:26]} Nh5 {[%clk 00:17:01]}
{[%emt 00:00:20]} 44. Be4 {[%clk 00:03:13]} {[%emt 00:01:12]} Ng7 {[%clk
00:13:36]} {[%emt 00:03:54]} 45. Bd5 {[%clk 00:03:11]} {[%emt 00:00:33]} Kf8
{[%clk 00:13:14]} {[%emt 00:00:52]} 46. Rxg7 {[%clk 00:01:34]} {[%emt
00:02:07]} Kxg7 {[%clk 00:13:21]} {[%emt 00:00:23]} 47. Bxe6 {[%clk 00:01:56]}
{[%emt 00:00:09]} h6 {[%clk 00:13:42]} {[%emt 00:00:08]} 48. Ke4 {[%clk
00:02:10]} {[%emt 00:00:16]} Kh7 {[%clk 00:13:49]} {[%emt 00:00:23]} 49. Ke5
{[%clk 00:01:53]} {[%emt 00:00:47]} Kg7 {[%clk 00:14:04]} {[%emt 00:00:16]} 50.
Bd5 {[%clk 00:01:55]} {[%emt 00:00:28]} Kf8 {[%clk 00:13:59]} {[%emt 00:00:34]}
51. gxh6 {[%clk 00:01:49]} {[%emt 00:00:37]} 1-0

[Event "DVM U20w 2022"]
[Site "Münster GER"]
[Date "2022.12.29"]
[Round "6"]
[White "Xie, Kelly"]
[Black "Gröschel, Karoline"]
[Result "0-1"]
[Termination "normal"]
[Board "5.2"]
[WhiteElo "966"]
[BlackElo "1709"]
[WhiteClock "01:08:41"]
[BlackClock "01:08:29"]
[WhiteTeam "SV Bad Oldesloe"]
[BlackTeam "SC Landskrone"]
[PlyCount "60"]
[WhiteFideId "34628444"]
[BlackFideId "34610537"]
[EventCountry "GER"]
[EventRounds "7"]
[EventType "team-swiss"]
[EventDate "2022.12.26"]

1. e4 {[%clk 01:30:58]} {[%emt 00:00:01]} c5 {[%clk 01:30:54]} {[%emt
00:00:06]} 2. Nf3 {[%clk 01:30:52]} {[%emt 00:00:37]} e6 {[%clk 01:31:19]}
{[%emt 00:00:05]} 3. d4 {[%clk 01:30:57]} {[%emt 00:00:25]} cxd4 {[%clk
01:31:42]} {[%emt 00:00:06]} 4. Nxd4 {[%clk 01:31:16]} {[%emt 00:00:11]} a6
{[%clk 01:32:08]} {[%emt 00:00:05]} 5. Bd3 {[%clk 01:31:16]} {[%emt 00:00:29]}
Bc5 {[%clk 01:32:03]} {[%emt 00:00:35]} 6. Be3 {[%clk 01:31:25]} {[%emt
00:00:21]} d6 {[%clk 01:31:43]} {[%emt 00:00:50]} 7. Qe2 {[%clk 01:31:09]}
{[%emt 00:00:47]} Nf6 {[%clk 01:31:17]} {[%emt 00:00:56]} 8. O-O {[%clk
01:31:08]} {[%emt 00:00:31]} O-O {[%clk 01:30:33]} {[%emt 00:01:15]} 9. Nf3
{[%clk 01:30:10]} {[%emt 00:01:28]} Nbd7 {[%emt 00:04:14]} 10. Nc3 {[%clk
01:27:47]} {[%emt 00:02:51]} Qc7 {[%clk 01:21:58]} {[%emt 00:05:22]} 11. a3
{[%clk 01:25:09]} {[%emt 00:03:08]} b5 {[%clk 01:20:45]} {[%emt 00:01:43]} 12.
b4 {[%clk 01:25:01]} {[%emt 00:00:37]} Bxe3 {[%clk 01:20:33]} {[%emt 00:00:43]}
13. Qxe3 {[%clk 01:25:04]} {[%emt 00:00:27]} Qxc3 {[%clk 01:20:43]} {[%emt
00:00:20]} 14. Rfe1 {[%clk 01:22:01]} {[%emt 00:03:32]} Ne5 {[%clk 01:15:57]}
{[%emt 00:05:17]} 15. Ng5 {[%clk 01:18:59]} {[%emt 00:03:32]} h6 {[%clk
01:15:30]} {[%emt 00:00:58]} 16. Nf3 {[%clk 01:18:05]} {[%emt 00:01:24]} Nfg4
{[%clk 01:12:52]} {[%emt 00:03:08]} 17. Qe2 {[%clk 01:14:10]} {[%emt 00:04:22]}
Bb7 {[%clk 01:11:28]} {[%emt 00:01:56]} 18. h3 {[%clk 01:12:41]} {[%emt
00:02:01]} Nxf3 {[%clk 01:11:02]} {[%emt 00:00:56]} 19. Qxf3 {[%clk 01:12:13]}
{[%emt 00:00:56]} Ne5 {[%clk 01:11:26]} {[%emt 00:00:07]} 20. Qh5 {[%clk
01:10:47]} {[%emt 00:01:55]} Nxd3 {[%emt 00:01:18]} 21. cxd3 {[%clk 01:10:41]}
{[%emt 00:00:33]} Qxd3 {[%clk 01:09:28]} {[%emt 00:01:45]} 22. Rad1 {[%clk
01:09:58]} {[%emt 00:01:13]} Qxa3 {[%clk 01:07:59]} {[%emt 00:01:59]} 23. Rxd6
{[%clk 01:10:06]} {[%emt 00:00:22]} Qxb4 {[%clk 01:08:16]} {[%emt 00:00:13]}
24. Qe2 {[%clk 01:08:55]} {[%emt 00:01:40]} Qxd6 {[%clk 01:08:29]} {[%emt
00:00:18]} 25. e5 {[%clk 01:08:41]} Qd5 {[%clk 01:08:29]} 26. Qf3 {[%clk
01:08:41]} Qxf3 {[%clk 01:08:29]} 27. gxf3 {[%clk 01:08:41]} Bxf3 {[%clk
01:08:29]} 28. Kh2 {[%clk 01:08:41]} Bd5 {[%clk 01:08:29]} 29. Kg3 {[%clk
01:08:41]} Rfc8 {[%clk 01:08:29]} 30. Re3 {[%clk 01:08:41]} b4 {[%clk
01:08:29]} 0-1

[Event "DVM U20w 2022"]
[Site "Münster GER"]
[Date "2022.12.29"]
[Round "6"]
[White "Mohammed Dawed, Lizan"]
[Black "Hartmann, Hannah"]
[Result "0-1"]
[Termination "normal"]
[Board "5.4"]
[WhiteElo "816"]
[BlackElo "1296"]
[WhiteClock "00:51:44"]
[BlackClock "00:41:37"]
[WhiteTeam "SV Bad Oldesloe"]
[BlackTeam "SC Landskrone"]
[PlyCount "98"]
[WhiteFideId "34628401"]
[BlackFideId "16235274"]
[EventCountry "GER"]
[EventRounds "7"]
[EventType "team-swiss"]
[EventDate "2022.12.26"]

1. c4 {[%clk 01:30:25]} {[%emt 00:00:34]} e5 {[%clk 01:30:58]} {[%emt
00:00:03]} 2. Nc3 {[%clk 01:30:29]} {[%emt 00:00:26]} Nf6 {[%clk 01:31:15]}
{[%emt 00:00:12]} 3. g3 {[%clk 01:30:15]} {[%emt 00:00:44]} Bb4 {[%clk
01:31:09]} {[%emt 00:00:35]} 4. Bg2 {[%clk 01:30:26]} {[%emt 00:00:20]} c6
{[%clk 01:31:31]} {[%emt 00:00:08]} 5. Nf3 {[%clk 01:29:54]} {[%emt 00:01:02]}
d6 {[%clk 01:31:46]} {[%emt 00:00:15]} 6. O-O {[%clk 01:29:10]} {[%emt
00:01:14]} Be6 {[%clk 01:30:00]} {[%emt 00:02:16]} 7. Qa4 {[%clk 01:24:21]}
{[%emt 00:05:18]} Qa5 {[%clk 01:23:38]} {[%emt 00:06:52]} 8. Qxa5 {[%clk
01:23:07]} {[%emt 00:01:45]} Bxa5 {[%clk 01:23:55]} {[%emt 00:00:13]} 9. b3
{[%clk 01:23:31]} {[%emt 00:00:06]} Nbd7 {[%clk 01:23:43]} {[%emt 00:00:42]}
10. Bb2 {[%clk 01:21:26]} {[%emt 00:02:35]} O-O {[%clk 01:21:01]} {[%emt
00:03:12]} 11. Rad1 {[%clk 01:19:08]} {[%emt 00:02:47]} Bc7 {[%clk 01:18:03]}
{[%emt 00:03:28]} 12. d4 {[%clk 01:17:27]} {[%emt 00:02:10]} Rfd8 {[%clk
01:11:59]} {[%emt 00:06:35]} 13. d5 {[%clk 01:14:58]} {[%emt 00:03:00]} cxd5
{[%clk 01:11:41]} {[%emt 00:00:49]} 14. cxd5 {[%clk 01:14:51]} {[%emt
00:00:36]} Bg4 {[%clk 01:10:31]} {[%emt 00:01:40]} 15. e4 {[%clk 01:13:41]}
{[%emt 00:01:40]} Nc5 {[%clk 01:08:48]} {[%emt 00:02:13]} 16. Rfe1 {[%clk
01:11:45]} {[%emt 00:02:26]} Ba5 {[%clk 01:07:24]} {[%emt 00:01:55]} 17. h3
{[%clk 01:04:38]} {[%emt 00:07:37]} Bxc3 {[%clk 01:01:31]} {[%emt 00:06:22]}
18. Bxc3 {[%clk 01:04:10]} {[%emt 00:00:58]} Ncxe4 {[%clk 01:01:22]} {[%emt
00:00:39]} 19. Bd2 {[%clk 01:02:32]} {[%emt 00:02:07]} Bd7 {[%clk 01:00:48]}
{[%emt 00:01:04]} 20. Ng5 {[%clk 01:00:38]} {[%emt 00:02:24]} Nxd2 {[%clk
01:00:10]} {[%emt 00:01:07]} 21. Rxd2 {[%clk 01:00:24]} {[%emt 00:00:45]} Rac8
{[%clk 01:00:13]} {[%emt 00:00:27]} 22. Ne4 {[%clk 00:59:13]} {[%emt 00:01:41]}
Nxe4 {[%clk 00:58:47]} {[%emt 00:01:57]} 23. Rxe4 {[%clk 00:58:56]} {[%emt
00:00:47]} Rc1 {[%clk 00:56:38]} {[%emt 00:02:38]} 24. Kh2 {[%clk 00:58:45]}
{[%emt 00:00:42]} Rdc8 {[%clk 00:56:28]} {[%emt 00:00:39]} 25. Rb4 {[%clk
00:58:12]} {[%emt 00:01:02]} R8c7 {[%clk 00:55:58]} {[%emt 00:01:00]} 26. Rh4
{[%clk 00:56:39]} {[%emt 00:02:03]} g6 {[%clk 00:54:24]} {[%emt 00:02:05]} 27.
f4 {[%clk 00:56:24]} {[%emt 00:00:44]} exf4 {[%clk 00:53:08]} {[%emt 00:01:47]}
28. Rxf4 {[%clk 00:56:47]} {[%emt 00:00:07]} Kg7 {[%clk 00:51:44]} {[%emt
00:01:53]} 29. Rdf2 {[%clk 00:56:15]} {[%emt 00:01:01]} f5 {[%clk 00:50:47]}
{[%emt 00:01:28]} 30. Bf1 {[%clk 00:55:02]} {[%emt 00:01:43]} R1c2 {[%clk
00:50:23]} {[%emt 00:00:53]} 31. g4 {[%clk 00:52:30]} {[%emt 00:03:03]} Rxf2
{[%clk 00:49:50]} {[%emt 00:01:03]} 32. Rxf2 {[%clk 00:52:26]} {[%emt
00:00:30]} fxg4 {[%clk 00:49:55]} {[%emt 00:00:27]} 33. Re2 {[%clk 00:51:20]}
{[%emt 00:01:35]} Bf5 {[%clk 00:49:34]} {[%emt 00:00:53]} 34. hxg4 {[%clk
00:50:52]} {[%emt 00:00:58]} Bxg4 {[%clk 00:49:55]} {[%emt 00:00:09]} 35. Re4
{[%clk 00:51:08]} {[%emt 00:00:14]} Bf3 {[%clk 00:46:34]} {[%emt 00:03:50]} 36.
Re6 {[%clk 00:50:50]} {[%emt 00:00:47]} Bxd5 {[%clk 00:43:28]} {[%emt
00:03:36]} 37. Rxd6 {[%clk 00:50:32]} {[%emt 00:00:49]} Rc2 {[%clk 00:43:16]}
{[%emt 00:00:42]} 38. Kg3 {[%clk 00:50:37]} {[%emt 00:00:25]} Bc6 {[%clk
00:43:24]} {[%emt 00:00:21]} 39. a4 {[%clk 00:50:13]} {[%emt 00:00:55]} Rc3
{[%clk 00:43:17]} {[%emt 00:00:38]} 40. Rd3 {[%clk 00:50:13]} {[%emt 00:00:31]}
Rxd3 {[%clk 00:43:22]} {[%emt 00:00:25]} 41. Bxd3 {[%clk 00:50:41]} {[%emt
00:00:02]} Kf6 {[%clk 00:43:34]} {[%emt 00:00:18]} 42. Kf4 {[%clk 00:50:48]}
{[%emt 00:00:22]} h6 {[%clk 00:43:02]} {[%emt 00:01:02]} 43. a5 {[%clk
00:51:04]} {[%emt 00:00:14]} Bd7 {[%clk 00:41:18]} {[%emt 00:02:14]} 44. Ke4
{[%clk 00:51:20]} {[%emt 00:00:13]} Bf5 {[%clk 00:41:41]} {[%emt 00:00:09]} 45.
Kd4 {[%clk 00:51:43]} {[%emt 00:00:06]} Bxd3 {[%clk 00:41:42]} {[%emt
00:00:29]} 46. Kxd3 {[%clk 00:52:11]} {[%emt 00:00:03]} g5 {[%clk 00:41:36]}
{[%emt 00:00:35]} 47. Kc4 {[%clk 00:52:01]} {[%emt 00:00:40]} Ke6 {[%clk
00:41:50]} {[%emt 00:00:16]} 48. Kb5 {[%clk 00:51:59]} {[%emt 00:00:32]} Kd5
{[%clk 00:41:37]} {[%emt 00:00:44]} 49. a6 {[%clk 00:51:44]} {[%emt 00:00:45]}
b6 {[%emt 00:01:20]} 0-1